The magic porridge pot

Bibliographic Details
Other Authors: Gordon, Mike (illustrated)
Format: Book
Published: USA : Ladybird Books Ltd , 1993
Series:Favourite tales
Subjects:

MARC

LEADER 00000cam a2200000 7i4500
001 0000008332
002 000009084
005 20080223.0
020 |a 072141561X 
090 0 0 |a JF   |b FAV 
245 0 0 |a The magic porridge pot   |c illustrated by Mike Gordon 
260 |a USA :   |b Ladybird Books Ltd ,   |c 1993 
300 |a p.v. :   |b ill. ;   |c 17cm. 
490 0 |a Favourite tales 
650 0 0 |a Children's stories 
700 1 |a Gordon, Mike ,   |e illustrated 
999 |a 052277   |b BUKU   |c PINJAMAN   |e PERPUSTAKAAN KOMUNITI PETALING JAYA 
999 |a 052278   |b BUKU   |c PINJAMAN   |e PERPUSTAKAAN KOMUNITI PETALING JAYA 
999 |a 052279   |b BUKU   |c PINJAMAN   |e PERPUSTAKAAN KOMUNITI PETALING JAYA 
999 |a 055583   |b BUKU   |c PINJAMAN   |e PERPUSTAKAAN KOMUNITI CAW KOTA DAMANSARA